KOHA-Header-6

Youre Gonna Love this College Guide (Record no. 8911)

000 -LEADER
fixed length control field 00264nam a2200109Ia 4500
100 ## - MAIN ENTRY--AUTHOR NAME
Personal name Marty Nemko
245 #0 - TITLE STATEMENT
Title Youre Gonna Love this College Guide
260 ## - PUBLICATION, DISTRIBUTION, ETC. (IMPRINT)
Place of publication USA
Name of publisher Barrons
Year of publication 1996
300 ## - PHYSICAL DESCRIPTION
Number of Pages 480
942 ## - ADDED ENTRY ELEMENTS (KOHA)
Koha item type Books
Holdings
Withdrawn status Lost status Collection code Permanent Location Current Location Shelving location Date acquired Full call number Accession Number Koha item type
    English Literature MAJU MAJU Shelf No.A14 2019-09-14 5.13 4061 English Literature

Powered by Koha